00591 2200193 4500001002100000005001500021035002000036007000300056008004100059020002200100082001600122084002200138100002100160245006700181260007400248300004100322650000900363650002500372INLIS00000000000150020250924093418 a0010-0925000014ta250924 g 0 ind  a978-602-322-067-0 a087.5:631.3 a087.5:631.3 TRI m0 aTrisnawati, Yani1 aMekanisasi Pertanian: Sahabat Kerja Petani /cTrisnawati, Yani aBogor :bPusat Perpustakaan dan Penyebaran Teknologi Pertanian,c2021 av, 48 hlm. :bilus, ;c15 cm x 21 cm 4aBuku 4aMekanisasi Pertanian